Teoretické východiská konkurencie a súťaživosti
Súťažná politika ako základný prvok zabezpečujúci fungovanie voľného trhu. Konkurenčné prostredie – významné koncepcie a školy, ktoré ovplyvnili a ovplyvňujú konkurenciu a súťaživosť.
Na minha lista:
| Autor principal: | |
|---|---|
| Formato: | Capítulo de Livro |
| Idioma: | eslovaco |
| Assuntos: | |
| Tags: |
Sem tags, seja o primeiro a adicionar uma tag!
|
MARC
| LEADER | 00000nla a2200000 4500 | ||
|---|---|---|---|
| 001 | 0225844 | ||
| 005 | 20240502093635.4 | ||
| 041 | 0 | |a slo | |
| 044 | |a CZ | ||
| 245 | 1 | 0 | |a Teoretické východiská konkurencie a súťaživosti |c Mária Tokárová |
| 520 | |a Súťažná politika ako základný prvok zabezpečujúci fungovanie voľného trhu. Konkurenčné prostredie – významné koncepcie a školy, ktoré ovplyvnili a ovplyvňujú konkurenciu a súťaživosť. | ||
| 610 | 2 | 0 | |a teória konkurencie |
| 610 | 2 | 0 | |a konkurencia |
| 610 | 2 | 0 | |a politika súťažná |
| 610 | 2 | 0 | |a súťaž hospodárska |
| 610 | 2 | 0 | |a konkurencieschopnosť |
| 610 | 2 | 0 | |a bariéry konkurenčné |
| 100 | 1 | |a Tokárová, Mária | |